000 00685cam a2200181 i 4500
005 20251127095105.0
008 250721s2004 jo gr 000 0 ara d
082 1 4 _a211.961444
_bش و م
100 1 _aشومان، خليل محمد قدور
_eمؤلف.
245 1 2 _aالطب الوقائي في القرآن الكريم /
_cتأليف خليل محمد قدور شومان.
250 _aالطبعة الاولى.
264 3 1 _aعمان :
_bدار الكتاب الثقافي للطباعة والنشر،
_c2004.
300 _a314 صفحة.
650 1 7 _aالقرآن الكريم.
650 1 7 _aالطب الوقائي.
942 _2ddc
_cBK
999 _c103161
_d103161